The Seamless Organization (Record no. 93781)

MARC details
000 -LEADER
fixed length control field 00575nam a2200217Ia 4500
005 - DATE AND TIME OF LATEST TRANSACTION
control field 20230421120215.0
008 - FIXED-LENGTH DATA ELEMENTS--GENERAL INFORMATION
fixed length control field 230125s9999 xx 000 0 und d
020 ## - INTERNATIONAL STANDARD BOOK NUMBER
International Standard Book Number 81-7554-171-7
041 ## - LANGUAGE CODE
Language code of text/sound track or separate title eng
082 ## - DEWEY DECIMAL CLASSIFICATION NUMBER
Classification number 658
Item number SAD
100 ## - MAIN ENTRY--PERSONAL NAME
Author Sadler P
245 ## - TITLE STATEMENT
Title The Seamless Organization
Remainder of title Building the Company of Tomorrow
250 ## - EDITION STATEMENT
Edition statement Ed.4th
260 ## - PUBLICATION, DISTRIBUTION, ETC.
Date of publication, distribution, etc. 2003
Name of publisher, distributor, etc. Kogan Page
Place of publication, distribution, etc. New Delhi
300 ## - PHYSICAL DESCRIPTION
Extent 172p
500 ## - GENERAL NOTE
Keywords General Management
650 ## - SUBJECT ADDED ENTRY--TOPICAL TERM
Topical term or geographic name entry element General Management
700 ## - ADDED ENTRY--PERSONAL NAME
Personal name Sadler P & Abhyankar M W, Donor
942 ## - ADDED ENTRY ELEMENTS (KOHA)
Koha item type Donated Book
906 ## - LOCAL DATA ELEMENT F, LDF (RLIN)
b 87.5
Holdings
Withdrawn status Lost status Damaged status Not for loan Home library Current library Date acquired Vendor Net Price Full call number Barcode Date last seen Actual Price Bill Date Koha item type Original Barcode
        Smt. Hiraben Nanavati Institute of Management & Research for Women Smt. Hiraben Nanavati Institute of Management & Research for Women 01/12/2015 Donated Book- Outside Donar 175.00 658 SAD DB2245 HIMR-DB-2245 25/01/2023 87.50 25/01/2023 Donated Book DB2245